[Event "London CSC 5-Day U2050 op 10th"]
[Site "London"]
[Date "2018.12.12"]
[Round "4"]
[White "Fantana, Marin Dumitru"]
[Black "Olutola, Taiwo"]
[Result "0-1"]
[WhiteElo "1871"]
[BlackElo "1643"]
[PlyCount "74"]
[EventDate "2018.12.09"]
[EventType "swiss"]
[EventRounds "5"]
[EventCountry "ENG"]
[SourceTitle "EXT 2020"]
[Source "ChessBase"]
[SourceDate "2019.10.17"]
[SourceVersion "1"]
[SourceVersionDate "2019.10.17"]
[SourceQuality "1"]

1. d4 d5 2. Nf3 Nf6 3. Bf4 e6 4. e3 Bd6 5. Ne5 0-0 6. Nd2 Nbd7 7. Bd3 Qe7 8. Qf3 c5 9. c3 cxd4 10. exd4 Rd8 11. Qh3 Nf8 12. Ndf3 Ne4 13. Be3 f6 14. Ng4 e5 15. dxe5 Bxe5 16. Bxe4 dxe4 17. Nfxe5 fxe5 18. Qg3 Ng6 19. h4 Rd3 20. 0-0 Bxg4 21. Qxg4 Qxh4 22. Qe6+ Kh8 23. Rad1 Nf4 24. g3 Qxg3+ 25. fxg3 Nxe6 26. Rxd3 exd3 27. Rf5 e4 28. Re5 Re8 29. Rxe4 b6 30. Kf2 Kg8 31. Re5 Rf8+ 32. Ke1 Kf7 33. Rf5+ Ke7 34. Rxf8 Kxf8 35. Kd2 Nc5 36. Bxc5+ bxc5 37. Kxd3 Ke7 0-1

[Event "Isola d'Elba op 29th"]
[Site "Capoliveri "]
[Date "2011.05.11"]
[Round "6"]
[White "Fantana, Marin Dumitru"]
[Black "De Zaiacomo, Tonino"]
[Result "1-0"]
[WhiteElo "1914"]
[BlackElo "1715"]
[PlyCount "40"]
[EventDate "2011.05.07"]
[EventType "swiss"]
[EventRounds "9"]
[EventCountry "ITA"]
[SourceTitle "EXT 2014"]
[Source "ChessBase"]
[SourceDate "2013.11.20"]
[SourceVersion "1"]
[SourceVersionDate "2013.11.20"]
[SourceQuality "1"]

1. e4 e5 2. Nf3 Nc6 3. Bc4 Bc5 4. c3 Nf6 5. d4 exd4 6. cxd4 Bb4+ 7. Nc3 d6 8. d5 Ne5 9. Qa4+ Bd7 10. Qxb4 a5 11. Qb3 a4 12. Qb4 0-0 13. Nxe5 dxe5 14. Bg5 h6 15. Bxf6 Qxf6 16. Ne2 Bg4 17. Qc3 Qb6 18. 0-0 Ra5 19. Qxe5 c6 20. Qd4 cxd5 1-0

[Event "Isola d'Elba op 29th"]
[Site "Capoliveri "]
[Date "2011.05.09"]
[Round "3"]
[White "Fantana, Marin Dumitru"]
[Black "Ricci, Alfredo"]
[Result "0-1"]
[WhiteElo "1914"]
[BlackElo "1946"]
[PlyCount "58"]
[EventDate "2011.05.07"]
[EventType "swiss"]
[EventRounds "9"]
[EventCountry "ITA"]
[SourceTitle "EXT 2014"]
[Source "ChessBase"]
[SourceDate "2013.11.20"]
[SourceVersion "1"]
[SourceVersionDate "2013.11.20"]
[SourceQuality "1"]

1. e4 c5 2. Nf3 e6 3. d4 cxd4 4. Nxd4 a6 5. Bd3 Qc7 6. 0-0 d6 7. c4 Nf6 8. b3 Be7 9. Bb2 Nbd7 10. Qe2 b6 11. Nc3 Bb7 12. Kh1 0-0 13. f4 Rfe8 14. Rae1 g6 15. Nf3 Bf8 16. Qf2 Bg7 17. Qh4 Nc5 18. Bb1 Nfxe4 19. Bxe4 Nxe4 20. Nxe4 Bxb2 21. Neg5 h5 22. g4 hxg4 23. Qxg4 Kg7 24. Re2 Bf6 25. Kg1 Qc5+ 26. Kh1 Qf5 27. Qg3 e5 28. Nh3 Rh8 29. Kg2 Bh4 0-1